000 00313nam a2200133 i 4500
001 bg
100 1 _aSALTYKOV, S. A.
245 0 _aStereometriceskaja metallografija /
_cS.A. Saltykov.
260 _aMoskva,
_c1976.
040 _cBPK
041 _apol
942 _cKS
008 s pl f |000 0 pol
999 _c26912
_d26912
856 _uhttp://koha.tu.koszalin.pl/cgi-bin/koha/opac-detail.pl?biblionumber=26912
_yKatalog online BPK